000 00545nam a2200205 a 4500
001 BRCA_5184
005 20190320204956.0
008 241110s1910----fr-a######---#000-0#fre-#
041 _afre
044 _afr
050 4 _aQB107
_b.C47 1910
245 1 0 _aChronomètres de marine
_cMontres Torpilleurs.
260 _aParís
_bL. Leroy & Cie.
_c[1910]
300 _a12 p.
_bil.
_c24 cm.
500 _aEstado físico: ejemplar deteriorado
500 _aDD68
650 1 4 _aBrújulas
_xCompañías
_zParís
_913261
902 _aGFM
942 _2lcc
_cB
999 _c4878
_d4878